| 000 | 01267nam a22002057a 4500 | ||
|---|---|---|---|
| 003 | BD-DhUL | ||
| 005 | 20240129110401.0 | ||
| 008 | 240129s2022 bg a|||| mb|| 000 0 ben d | ||
| 040 |
_aBD-DhUL _cBD-DhUL |
||
| 082 |
_a897.709 _bAFM |
||
| 100 | 1 | _aআফরোজ, তাছমিনা। | |
| 245 | 0 |
_aমিখাইল নুআইমার সাহিত্য সমালোচনা = Literary criticism of Mikhail Nuaima / _cতাছমিনা আফরোজ। _h[এমফিল অভিসন্দর্ভ] |
|
| 260 |
_aঢাকা : _bঢাকা বিশ্ববিদ্যালয়, _c২০২২। |
||
| 300 |
_a[১৩], ১৬৩ পৃ. : _bচিত্র ; _c২৯ সেমি. |
||
| 504 | _aগ্রন্থপঞ্জি: ১৫৮-১৬২। গ্রন্থপঞ্জিগত তথ্য সংবলিত। | ||
| 505 | _aঅভিসন্দর্ভ (এমফিল)--আরবী বিভাগ, ঢাকা বিশ্ববিদ্যালয়, শিক্ষাবর্ষ: ২০১৪-২০১৫। | ||
| 650 | 4 |
_aআরবী সাহিত্য _xইতিহাস ও সমালোচনা। |
|
| 650 | 4 |
_aArabic literature _xHistory and criticism |
|
| 942 |
_2ddc _cREF |
||
| 999 |
_c258965 _d258965 |
||